Analysis of the Development of SMEs in Slovakia in Relation to the Change of Economic Instruments in 2013 and 2014

Význam, vývoj a vlastnosti MaSP v EÚ. Štruktúra MaSP na Slovensku. Kľúčové zmeny v zdaňovaní podnikateľskej činnosti na Slovensku v roku 2013. Podiel MaSP na zdravotných a sociálnych odvodoch.

Salvato in:
Dettagli Bibliografici
Autore principale: Strážovská, Helena
Natura: Capitolo di libro
Lingua:inglese
Soggetti:
Tags: Aggiungi Tag
Nessun Tag, puoi essere il primo ad aggiungerne!!

MARC

LEADER 00000naa$a2200000$$$4500
001 0196138
005 20240502073316.1
041 0 |a eng 
044 |a SK 
245 1 0 |a Analysis of the Development of SMEs in Slovakia in Relation to the Change of Economic Instruments in 2013 and 2014  |c Helena Strážovská 
520 |a Význam, vývoj a vlastnosti MaSP v EÚ. Štruktúra MaSP na Slovensku. Kľúčové zmeny v zdaňovaní podnikateľskej činnosti na Slovensku v roku 2013. Podiel MaSP na zdravotných a sociálnych odvodoch. 
610 2 0 |a podnik malý 
610 2 0 |a podnik stredný 
610 2 0 |a Európska únia 
610 2 0 |a nástroje ekonomické 
610 2 0 |a reformy daňové 
100 1 |a Strážovská, Helena